Sisè Programa Marc de Recerca i Desenvolupament Tecnològic de la UE : 50 preguntes per participar-hi des del món local 50 preguntes per participar-hi des del món local
Publicado:
Barcelona :
Diputació de Barcelona, Xarxa de Municipis, Gabinet de Relacions Internacionals ,
2003
Descripción Física:
63 p. : taules, gràfics ; 24 cm
MARC
| LEADER | 00000nam a2200000Ia 4500 | ||
|---|---|---|---|
| 001 | 16053 | ||
| 008 | 160829s2003 xx 000 0 cat d | ||
| 080 | |a C-2-330 | ||
| 245 | |a Sisè Programa Marc de Recerca i Desenvolupament Tecnològic de la UE : |b 50 preguntes per participar-hi des del món local | ||
| 260 | |a Barcelona : |b Diputació de Barcelona, Xarxa de Municipis, Gabinet de Relacions Internacionals, |c 2003 | ||
| 300 | |a 63 p. : |b taules, gràfics ; |c 24 cm | ||
| 650 | 0 | |a Innovacions tecnològiques |z Unió Europea |9 21984 | |
| 710 | 1 | |a Barcelona (Catalunya : Província). |b Gabinet de Relacions Internacionals |9 13543 | |
| 901 | |a Arxiu | ||
| 942 | |n 1 | ||
| 952 | |0 0 |1 0 |4 0 |6 C2330 |7 1 |9 41979 |a Arxiu |b Arxiu |d 2016-12-01 |l 0 |o C-2-330 |p 16053 |r 2016-12-01 00:00:00 |w 2016-12-01 |y ARXIU | ||
| 999 | |c 44426 |d 44426 | ||